Я из огненной деревни (Запись № 13674546)
[ простой вид ]
| 000 -МАРКЕР | |
|---|---|
| контрольное поле | 03254nam0a2200445 4500 |
| 001 - ИДЕНТИФИКАТОР ЗАПИСИ | |
| контрольное поле | RU\NLR\BIBL_A\022560478 |
| 005 - ИДЕНТИФИКАТОР ВЕРСИИ | |
| контрольное поле | 20260420045456.0 |
| 010 ## - МЕЖДУНАРОДНЫЙ СТАНДАРТНЫЙ НОМЕР КНИГИ (ISBN) | |
| Номер (ISBN) | 978-5-17-146384-7 |
| Тираж | 2000 |
| 021 ## - НОМЕР ГОСУДАРСТВЕННОЙ РЕГИСТРАЦИИ | |
| Код страны | российская федерация |
| Номер | КН-П-25-022657 |
| Номер Листа государственной регистраци | КН-П-25-2285 |
| 035 ## - ДРУГИЕ СИСТЕМНЫЕ НОМЕРА | |
| Идентификатор записи | (NLR Aleph) 022560478 |
| 100 ## - ДАННЫЕ ОБЩЕЙ ОБРАБОТКИ | |
| Данные общей обработки | 20250605d2025 u y0rusy50 ca |
| 101 0# - ЯЗЫК РЕСУРСА | |
| Язык текста, звукозаписи и т.д. | русский |
| 102 ## - СТРАНА ПУБЛИКАЦИИ ИЛИ ПРОИЗВОДСТВА | |
| Страна публикации | российская федерация |
| 105 ## - ПОЛЕ КОДИРОВАННЫХ ДАННЫХ: ТЕКСТОВЫЕ МАТЕРИАЛЫ, МОНОГРАФИЧЕСКИЕ | |
| Кодированные данные о монографическом текстовом документе | ach z 000zd |
| 181 #0 - ПОЛЕ КОДИРОВАННЫХ ДАННЫХ: ВИД СОДЕРЖАНИЯ | |
| Код вида содержания (ISBD) | i3 |
| Код характеристики содержания (ISBD) | axxe |
| 182 #0 - ПОЛЕ КОДИРОВАННЫХ ДАННЫХ: ТИП СРЕДСТВА | |
| Код типа средства (ISBD) | n - непосредственное |
| 200 1# - ЗАГЛАВИЕ И СВЕДЕНИЯ ОБ ОТВЕТСТВЕННОСТИ | |
| Основное заглавие | Я из огненной деревни |
| Сведения, относящиеся к заглавию | [документальный сборник воспоминаний про уничтожение фашистами белорусских деревень и о партизанах во время Великой Отечественной войны] |
| Первые сведения об ответственности | Алесь Адамович, Янка Брыль, Владимир Колесник |
| 203 ## - ВИД СОДЕРЖАНИЯ И ТИП СРЕДСТВА | |
| Вид содержания | Текст |
| Дополнительные сведения об издании | визуальный |
| Тип средства | непосредственный |
| 210 ## - ПУБЛИКАЦИЯ, РАСПРОСТРАНЕНИЕ И ДР. | |
| Место издания, распространения и т.д. | Москва |
| Имя издателя, распространителя и т. д. | АСТ, ОГИЗ |
| Дата издания, распространения и т.д. | 2025 (печ. 2024) |
| 215 ## - ФИЗИЧЕСКАЯ ХАРАКТЕРИСТИКА | |
| Специфическое обозначение материала и объем | 447 с., [4] л. ил. |
| Размеры | 22 |
| 225 1# - СЕРИЯ | |
| Основное заглавие серии | История в лицах и эпохах |
| 225 1# - СЕРИЯ | |
| Основное заглавие серии | Литературный бестселлер в Западной Европе |
| 320 ## - ПРИМЕЧАНИЯ О НАЛИЧИИ В ДОКУМЕНТЕ БИБЛИОГРАФИИ / УКАЗАТЕЛЯ | |
| Текст примечания | Библиогр. в подстроч. примеч. |
| 330 ## - РЕЗЮМЕ ИЛИ РЕФЕРАТ | |
| Текст примечания | "Я из огненной деревни"- документальный сборник воспоминаний про уничтожение фашистами белорусских деревень и о партизанах во время Великой Отечественной войны, собранный и составленный белорусскими писателями Алесем Адамовичем, Владимиром Колесником и Янкой Брылем. В книгу вошли свидетельства только тех людей, которые лично пережили трагедию сожженных деревень, убийства родных и односельчан. Для опроса очевидцев писатели на протяжении 1970-1973 годов объездили с магнитофоном 147 деревень в 35 районах Белоруссии и записали воспоминания более 300 непосредственных участников событий |
| 333 ## - ПРИМЕЧАНИЯ ОБ ОСОБЕННОСТЯХ РАСПРОСТРАНЕНИЯ И ИСПОЛЬЗОВАНИЯ | |
| Текст примечания | 16+ |
| 606 1# - НАИМЕНОВАНИЕ ТЕМЫ КАК ПРЕДМЕТ | |
| Наименование темы | Великая Отечественная война |
| Формальный подзаголовок | Воспоминания, записки и т.п. |
| Географический подзаголовок | Белорусская ССР |
| Хронологический подзаголовок | 1941 - 1945 |
| Системный номер авторитетной/нормативной записи | 1228147 |
| Идентификатор авторитетной/нормативной записи | RU\NLR\AUTH\66182441 |
| 686 2# - ИНДЕКСЫ ДРУГИХ КЛАССИФИКАЦИЙ | |
| Индекс | Ш6(2=Бел)77-49Адамович |
| 686 2# - ИНДЕКСЫ ДРУГИХ КЛАССИФИКАЦИЙ | |
| Индекс | Ш6(2=Бел)77-49Брыль |
| 686 2# - ИНДЕКСЫ ДРУГИХ КЛАССИФИКАЦИЙ | |
| Индекс | Ш6(2=Бел)77-49Колесник |
| 700 #1 - ИМЯ ЛИЦА - ПЕРВИЧНАЯ ОТВЕТСТВЕННОСТЬ | |
| Графика поля | Кириллица |
| Материалы, к которым относится поле | rus |
| Начальный элемент ввода | Адамович |
| Часть имени, кроме начального элемента ввода | А. |
| Даты | 1927-1994 |
| Расширение инициалов личного имени | Алесь |
| Системный номер авторитетной/нормативной записи | 6568 |
| Идентификатор авторитетной/нормативной записи | RU\NLR\AUTH\7723515 |
| 701 #1 - ИМЯ ЛИЦА - АЛЬТЕРНАТИВНАЯ ОТВЕТСТВЕННОСТЬ | |
| Графика поля | Кириллица |
| Материалы, к которым относится поле | rus |
| Начальный элемент ввода | Брыль |
| Часть имени, кроме начального элемента ввода | Я. |
| Даты | 1917-2006 |
| Расширение инициалов личного имени | Янка |
| Системный номер авторитетной/нормативной записи | 125524 |
| Идентификатор авторитетной/нормативной записи | RU\NLR\AUTH\7715877 |
| 701 #1 - ИМЯ ЛИЦА - АЛЬТЕРНАТИВНАЯ ОТВЕТСТВЕННОСТЬ | |
| Начальный элемент ввода | Колесник |
| Часть имени, кроме начального элемента ввода | В. А. |
| Даты | 1922-1994 |
| Расширение инициалов личного имени | Владимир Андреевич |
| 942 ## - ДОПОЛНИТЕЛЬНЫЕ ЭЛЕМЕНТЫ ЗАПИСИ (АБИС) | |
| Тип экземпляра АБИС | Книга |
| 980 ## - КОЛЛЕКЦИЯ | |
| Название коллекции | Национальная библиография |
Нет доступных экземпляров.